000 00874nam a2200253 a 4500
001 42306
003 BD-RjUL
005 20211209053524.0
008 160611s1975 enk b 001 0 eng
020 _a0347010784
_c: TK. 5.75
035 _a(BD-RjUL)42424
040 _aDLC
_cDLC
_dDLC
_dBD-RjU
_beng
041 _aeng
082 0 0 _a324.241
_223
_bWIP 1975
100 1 _aWilson, David J.
_9130102
245 1 0 _aPower and party bureaucracy in Britain :
_bregional organisation in the Conservative and Labour parties /
_cDavid J. Wilson.
260 _aFarnborough, Hants. :
_bSaxon House ;
_aLexington, Mass. :
_bLexington Books,
_c1975.
300 _aix, 171 p. ;
_c24 cm.
490 0 _aSaxon House studies.
504 _aInclude index and bibliography.
650 0 _aPolitical parties
_zGreat Britain.
_9130103
830 _aSaxon House studies.
_9128410
942 _2ddc
_cBK
999 _c42306
_d42306